000
00238 a2200109 4500
001
51082
040
_c
Anchieta - Pituba
240
1
0
_a
Extra
_l
245
1
0
_a
Extra
650
4
_a
Línguas germânicas (teutônicas) língua alemã
942
_c
MX
999
_c
51082
_d
51082